000 01249nam a2200373 i 4500
001 6225
003 KOSZ 005
005 20200408123532.0
008 970513s1992 pl a f |000 0 pol
015 _aPB 1992/8168
040 _aWA N
_cWA N
_dKOSZ 005/HR
046 _k1992
080 _a62-1/-8
080 _a621.791/.795
100 1 _aPlewniak, Jan
_eAutor
245 1 0 _aRegeneracja metodami spawalniczymi /
_cJan Plewniak, Adolf Służalec ; Politechnika Częstochowska.
260 _aCzęstochowa :
_bWydaw. PC,
_c1992.
300 _a349, [1] s., [1] k. tabl. :
_brys., wykr. ;
_c24 cm.
336 _2rdacontent
_aTekst
_btxt
337 _2rdamedia
_aBez urządzenia pośredniczącego
_bn
338 _2rdacarrier
_aWolumin
_bnc
380 _a1992
388 _a1901-2000
388 _a1989-2000
504 _aBibliogr. s. 348-[359].
650 7 _aMaszyny
650 7 _aRemont
650 4 _aSpawanie
658 _aInżynieria i technika
710 _aWydawnictwo Politechniki Częstochowskiej
_4pbl
700 1 _aSłużalec, Adolf
_d(1927-2003)
_eAutor
856 _uhttp://koha.tu.koszalin.pl/cgi-bin/koha/opac-detail.pl?biblionumber=6225
_yKatalog online BPK
942 _2UKD
_cKS
999 _c6225
_d6225